<?xml version="1.0" encoding="UTF-8"?>
<record
    xmlns:xsi="http://www.w3.org/2001/XMLSchema-instance"
    xsi:schemaLocation="http://www.loc.gov/MARC21/slim http://www.loc.gov/standards/marcxml/schema/MARC21slim.xsd"
    xmlns="http://www.loc.gov/MARC21/slim">

  <leader>01305nam a22002417a 4500</leader>
  <datafield tag="999" ind1=" " ind2=" ">
    <subfield code="c">6512</subfield>
    <subfield code="d">6512</subfield>
  </datafield>
  <controlfield tag="003">AR-CdUCM</controlfield>
  <controlfield tag="008">190318b           ||||| |||| 00| 0 spa d</controlfield>
  <datafield tag="040" ind1=" " ind2=" ">
    <subfield code="a">MUNICIPALIDAD PROVINCIAL DEL CUSCO</subfield>
    <subfield code="c">BIBLIOTECA MUNICIPAL DEL CUSCO</subfield>
  </datafield>
  <datafield tag="082" ind1=" " ind2=" ">
    <subfield code="a">086.920 /</subfield>
    <subfield code="b">C79</subfield>
  </datafield>
  <datafield tag="110" ind1=" " ind2=" ">
    <subfield code="a">Biograf&#xED;as Candesa</subfield>
    <subfield code="9">18672</subfield>
  </datafield>
  <datafield tag="245" ind1=" " ind2=" ">
    <subfield code="a">Grandes figuras historicas /</subfield>
  </datafield>
  <datafield tag="260" ind1=" " ind2=" ">
    <subfield code="a">M&#xE9;xico :</subfield>
    <subfield code="b">Grijalbo,</subfield>
    <subfield code="c">1959.</subfield>
  </datafield>
  <datafield tag="300" ind1=" " ind2=" ">
    <subfield code="a">12 tomos ;</subfield>
    <subfield code="c">21 cm.</subfield>
  </datafield>
  <datafield tag="440" ind1=" " ind2=" ">
    <subfield code="a">Grandes Figuras Historicas</subfield>
    <subfield code="9">18328</subfield>
  </datafield>
  <datafield tag="505" ind1=" " ind2=" ">
    <subfield code="a">Contenido : t.1.- Grandes figuras de la historia (Leopold Von Ranke) -- t.2.- Alejandro El Grande (Le&#xF3;n Homo) -- t.3.- Ner&#xF3;n (G&#xE9;rard Walter) -- t.4.- Juana de Arco, su personalidad. Su papel hist&#xF3;rico (Jacques Cordier) -- t.5.- Maria Estuardo (Paule Henry-Bordeaux) -- t.6.- Horacio Nelson. Un estudio del almirante (Renalt Capes) -- t.7.- Soliman El Magn&#xED;fico sultan del este -- t.8.- Julio Cesar (G&#xE9;rard Walter) -- t.9.- Anibal de Cartago (Mary Dolan) -- t.10.- Pericles. Una experiencia de democracia dirigida (Le&#xF3;n Homo) -- t.11.- Carlomagno. La leyenda y el hombre (Harold Lamb) -- t.12.- Maria Antonieta (G&#xE9;rard Walter).</subfield>
  </datafield>
  <datafield tag="650" ind1=" " ind2=" ">
    <subfield code="a">Birografias</subfield>
    <subfield code="9">18431</subfield>
  </datafield>
  <datafield tag="650" ind1=" " ind2=" ">
    <subfield code="a">Mujeres</subfield>
    <subfield code="9">3760</subfield>
  </datafield>
  <datafield tag="650" ind1=" " ind2=" ">
    <subfield code="a">Historia</subfield>
    <subfield code="9">44044</subfield>
  </datafield>
  <datafield tag="650" ind1=" " ind2=" ">
    <subfield code="a">Hombres</subfield>
    <subfield code="9">982</subfield>
  </datafield>
  <datafield tag="942" ind1=" " ind2=" ">
    <subfield code="2">ddc</subfield>
    <subfield code="c">LIBROS</subfield>
  </datafield>
  <datafield tag="945" ind1=" " ind2=" ">
    <subfield code="a">rjall</subfield>
  </datafield>
  <datafield tag="952" ind1=" " ind2=" ">
    <subfield code="0">0</subfield>
    <subfield code="2">ddc</subfield>
    <subfield code="4">0</subfield>
    <subfield code="7">0</subfield>
    <subfield code="a">SH</subfield>
    <subfield code="b">SH</subfield>
    <subfield code="c">CART</subfield>
    <subfield code="d">2019-10-23</subfield>
    <subfield code="o">086.920 / C79 / t.1</subfield>
    <subfield code="p">SH0000007345</subfield>
    <subfield code="r">2019-10-23</subfield>
    <subfield code="y">LIBROS</subfield>
  </datafield>
  <datafield tag="952" ind1=" " ind2=" ">
    <subfield code="0">0</subfield>
    <subfield code="2">ddc</subfield>
    <subfield code="4">0</subfield>
    <subfield code="7">0</subfield>
    <subfield code="a">SH</subfield>
    <subfield code="b">SH</subfield>
    <subfield code="c">CART</subfield>
    <subfield code="d">2019-10-23</subfield>
    <subfield code="o">086.920 / C79 / t.2</subfield>
    <subfield code="p">SH0000007335</subfield>
    <subfield code="r">2019-10-23</subfield>
    <subfield code="y">LIBROS</subfield>
  </datafield>
  <datafield tag="952" ind1=" " ind2=" ">
    <subfield code="0">0</subfield>
    <subfield code="2">ddc</subfield>
    <subfield code="4">0</subfield>
    <subfield code="7">0</subfield>
    <subfield code="a">SH</subfield>
    <subfield code="b">SH</subfield>
    <subfield code="c">CART</subfield>
    <subfield code="d">2019-10-23</subfield>
    <subfield code="o">086.920 / C79 / t.3</subfield>
    <subfield code="p">SH0000007336</subfield>
    <subfield code="r">2019-10-23</subfield>
    <subfield code="y">LIBROS</subfield>
  </datafield>
  <datafield tag="952" ind1=" " ind2=" ">
    <subfield code="0">0</subfield>
    <subfield code="2">ddc</subfield>
    <subfield code="4">0</subfield>
    <subfield code="7">0</subfield>
    <subfield code="a">SH</subfield>
    <subfield code="b">SH</subfield>
    <subfield code="c">CART</subfield>
    <subfield code="d">2019-10-23</subfield>
    <subfield code="o">086.920 / C79 / t.4</subfield>
    <subfield code="p">SH0000007342</subfield>
    <subfield code="r">2019-10-23</subfield>
    <subfield code="y">LIBROS</subfield>
  </datafield>
  <datafield tag="952" ind1=" " ind2=" ">
    <subfield code="0">0</subfield>
    <subfield code="2">ddc</subfield>
    <subfield code="4">0</subfield>
    <subfield code="7">0</subfield>
    <subfield code="a">SH</subfield>
    <subfield code="b">SH</subfield>
    <subfield code="c">CART</subfield>
    <subfield code="d">2019-10-23</subfield>
    <subfield code="o">086.920 / C79 / t.5</subfield>
    <subfield code="p">SH0000007347</subfield>
    <subfield code="r">2019-10-23</subfield>
    <subfield code="y">LIBROS</subfield>
  </datafield>
  <datafield tag="952" ind1=" " ind2=" ">
    <subfield code="0">0</subfield>
    <subfield code="2">ddc</subfield>
    <subfield code="4">0</subfield>
    <subfield code="7">0</subfield>
    <subfield code="a">SH</subfield>
    <subfield code="b">SH</subfield>
    <subfield code="c">CART</subfield>
    <subfield code="d">2019-10-23</subfield>
    <subfield code="o">086.920 / C79 / t.6</subfield>
    <subfield code="p">SH0000007344</subfield>
    <subfield code="r">2019-10-23</subfield>
    <subfield code="y">LIBROS</subfield>
  </datafield>
  <datafield tag="952" ind1=" " ind2=" ">
    <subfield code="0">0</subfield>
    <subfield code="2">ddc</subfield>
    <subfield code="4">0</subfield>
    <subfield code="7">0</subfield>
    <subfield code="a">SH</subfield>
    <subfield code="b">SH</subfield>
    <subfield code="c">CART</subfield>
    <subfield code="d">2019-10-23</subfield>
    <subfield code="o">086.920 / C79 / t.7</subfield>
    <subfield code="p">SH0000007343</subfield>
    <subfield code="r">2019-10-23</subfield>
    <subfield code="y">LIBROS</subfield>
  </datafield>
  <datafield tag="952" ind1=" " ind2=" ">
    <subfield code="0">0</subfield>
    <subfield code="2">ddc</subfield>
    <subfield code="4">0</subfield>
    <subfield code="7">0</subfield>
    <subfield code="a">SH</subfield>
    <subfield code="b">SH</subfield>
    <subfield code="c">CART</subfield>
    <subfield code="d">2019-10-23</subfield>
    <subfield code="o">086.920 / C79 / t.8</subfield>
    <subfield code="p">SH0000007339</subfield>
    <subfield code="r">2019-10-23</subfield>
    <subfield code="y">LIBROS</subfield>
  </datafield>
  <datafield tag="952" ind1=" " ind2=" ">
    <subfield code="0">0</subfield>
    <subfield code="2">ddc</subfield>
    <subfield code="4">0</subfield>
    <subfield code="7">0</subfield>
    <subfield code="a">SH</subfield>
    <subfield code="b">SH</subfield>
    <subfield code="c">CART</subfield>
    <subfield code="d">2019-10-23</subfield>
    <subfield code="o">086.920 / C79 / t.9</subfield>
    <subfield code="p">SH0000007346</subfield>
    <subfield code="r">2019-10-23</subfield>
    <subfield code="y">LIBROS</subfield>
  </datafield>
  <datafield tag="952" ind1=" " ind2=" ">
    <subfield code="0">0</subfield>
    <subfield code="2">ddc</subfield>
    <subfield code="4">0</subfield>
    <subfield code="7">0</subfield>
    <subfield code="a">SH</subfield>
    <subfield code="b">SH</subfield>
    <subfield code="c">CART</subfield>
    <subfield code="d">2019-10-23</subfield>
    <subfield code="o">086.920 / C79 / t.10</subfield>
    <subfield code="p">SH0000007337</subfield>
    <subfield code="r">2019-10-23</subfield>
    <subfield code="y">LIBROS</subfield>
  </datafield>
  <datafield tag="952" ind1=" " ind2=" ">
    <subfield code="0">0</subfield>
    <subfield code="2">ddc</subfield>
    <subfield code="4">0</subfield>
    <subfield code="7">0</subfield>
    <subfield code="a">SH</subfield>
    <subfield code="b">SH</subfield>
    <subfield code="c">CART</subfield>
    <subfield code="d">2019-10-23</subfield>
    <subfield code="o">086.920 / C79 / t.11</subfield>
    <subfield code="p">SH0000007341</subfield>
    <subfield code="r">2019-10-23</subfield>
    <subfield code="y">LIBROS</subfield>
  </datafield>
  <datafield tag="952" ind1=" " ind2=" ">
    <subfield code="0">0</subfield>
    <subfield code="2">ddc</subfield>
    <subfield code="4">0</subfield>
    <subfield code="7">0</subfield>
    <subfield code="a">SH</subfield>
    <subfield code="b">SH</subfield>
    <subfield code="c">CART</subfield>
    <subfield code="d">2019-10-23</subfield>
    <subfield code="o">086.920 / C79 / t.12</subfield>
    <subfield code="p">SH0000007340</subfield>
    <subfield code="r">2019-10-23</subfield>
    <subfield code="y">LIBROS</subfield>
  </datafield>
</record>
